[Event "Huesca Province-ch"]
[Site "Sabinanigo"]
[Date "2016.11.19"]
[Round "6"]
[White "Ocabo Vera, Pedro Aristides"]
[Black "Gimenez Fernandez, Alfonso"]
[Result "1-0"]
[WhiteElo "1785"]
[BlackElo "1676"]
[PlyCount "79"]
[EventDate "2016.10.15"]
[EventType "swiss"]
[EventRounds "7"]
[EventCountry "ESP"]
[SourceTitle "EXT 2018"]
[Source "ChessBase"]
[SourceDate "2017.10.13"]
[SourceVersion "1"]
[SourceVersionDate "2017.10.13"]
[SourceQuality "1"]

1. e4 e5 2. Nf3 Nc6 3. Bb5 Nf6 4. d3 d6 5. c3 Bd7 6. 0-0 h6 7. h3 a6 8. Ba4 g5 9. Nh2 b5 10. Bb3 Na5 11. Bc2 Be6 12. d4 d5 13. dxe5 Nxe4 14. Qf3 Nc6 15. Bxe4 Nxe5 16. Qg3 Bd6 17. f4 Nc4 18. Bc2 Qd7 19. b3 Bc5+ 20. Kh1 Nd6 21. f5 Nxf5 22. Bxf5 Bxf5 23. Qe5+ Qe6 24. Rxf5 Qxe5 25. Rxe5+ Kd7 26. Nd2 Kd6 27. Ndf3 f6 28. Re2 Rae8 29. Rxe8 Rxe8 30. Bd2 f5 31. Re1 Re4 32. Rxe4 dxe4 33. Nd4 Ke5 34. Be3 Bd6 35. b4 Bf8 36. g3 f4 37. gxf4+ gxf4 38. Ng4+ Kd5 39. Bxf4 h5 40. Ne3# 1-0

[Event "Huesca Province-ch"]
[Site "Sabinanigo"]
[Date "2016.11.12"]
[Round "5"]
[White "Gimenez Fernandez, Alfonso"]
[Black "Barranco Mananet, Fernando"]
[Result "1/2-1/2"]
[WhiteElo "1676"]
[BlackElo "1759"]
[PlyCount "127"]
[EventDate "2016.10.15"]
[EventType "swiss"]
[EventRounds "7"]
[EventCountry "ESP"]
[SourceTitle "EXT 2018"]
[Source "ChessBase"]
[SourceDate "2017.10.13"]
[SourceVersion "1"]
[SourceVersionDate "2017.10.13"]
[SourceQuality "1"]

1. f4 d5 2. e3 Nf6 3. Nf3 g6 4. c4 Bg7 5. Nc3 0-0 6. Be2 Nc6 7. d4 b6 8. 0-0 Bb7 9. a3 e6 10. b4 dxc4 11. Bxc4 Ne7 12. Bb2 Nf5 13. Qe2 Nd5 14. Nxd5 exd5 15. Bd3 Nd6 16. Rac1 Re8 17. b5 f6 18. Rfe1 Re7 19. a4 Bf8 20. Ba3 Rd7 21. Qc2 Rc8 22. g4 c6 23. Qa2 Kg7 24. Re2 cxb5 25. Rxc8 Qxc8 26. Bxd6 Bxd6 27. axb5 Bb8 28. h3 Re7 29. Kg2 Qc3 30. Qd2 Qa3 31. g5 fxg5 32. Nxg5 a6 33. Nf3 axb5 34. Bxb5 Qb3 35. Bd3 Bd6 36. Ne5 Bb4 37. Qc2 Qa3 38. Qb2 Qa5 39. Rc2 Bd6 40. Kf3 Bxe5 41. dxe5 d4+ 42. e4 Qa4 43. Rc4 Qd1+ 44. Be2 Qh1+ 45. Kf2 Qxe4 46. Qxd4 Qg2+ 47. Ke1 Qh1+ 48. Kd2 Qxh3 49. Qd6 Qd7 50. Rd4 Qxd6 51. exd6 Rd7 52. Bb5 Rd8 53. d7 Kf7 54. Rd6 Ke7 55. Rxb6 Bc8 56. Ke3 Bxd7 57. Rb7 Kd6 58. Bxd7 Rxd7 59. Rb6+ Kd5 60. Rf6 Ra7 61. Kf3 Re7 62. Kg4 Rg7 63. Kg5 Re7 64. Kh6 1/2-1/2